|
|
|
|
| LEADER |
00000cas a2200000 a 4500 |
| 001 |
vtls001477149 |
| 003 |
SK-MaSNL |
| 005 |
20260228161251.0 |
| 008 |
040622c19959999xo qr p 0 0b0slo |
| 022 |
|
|
|y 0862-0350
|
| 035 |
|
|
|a SNK000432449
|
| 035 |
|
|
|a (SVKBB03)vtls000034748
|
| 040 |
|
|
|a SNK
|b slo
|c SNK
|d SVKBB
|d SAVUK
|d SNK
|e AACR2
|
| 041 |
0 |
|
|a slo
|a cze
|b eng
|b slo
|
| 044 |
|
|
|a xo
|c SK
|
| 072 |
|
7 |
|a 613
|x Hygiena. Ľudské zdravie
|2 konspekt
|
| 072 |
|
7 |
|a 364
|x Sociálne problémy vyžadujúce podporu a pomoc. Sociálne zabezpečenie
|2 konspekt
|
| 080 |
|
|
|a 613.81/.84
|2 2011
|
| 080 |
|
|
|a 364.692:615.015.6
|2 2011
|
| 080 |
|
|
|a 050
|2 2011
|
| 080 |
|
|
|a (051)-027.561
|2 2011
|
| 084 |
|
|
|a Index 49 478
|2 mksr
|
| 245 |
0 |
0 |
|a Alkoholizmus a drogové závislosti
|b odborný časopis Ministerstva zdravotníctva Slovenskej republiky a Sekcie drogových závislostí Psychiatrickej spoločnosti SLS
|
| 246 |
1 |
1 |
|a Alcoholism and drug addiction
|b antialcoholic review - professional journal of the Ministry of Health of the Slovak Republic
|
| 246 |
1 |
3 |
|a Protialkoholický obzor
|
| 260 |
|
|
|a Bratislava
|b Obzor
|c 1995-
|
| 300 |
|
|
|a zv.
|b tab.
|c 24 cm
|
| 310 |
|
|
|a 4x ročne
|b 1995, 2016-
|
| 321 |
|
|
|a 5x ročne
|b 1996-
|
| 362 |
0 |
|
|a Roč. 30, č. 1 (1995)-
|
| 500 |
|
|
|a Číslo ISSN patrí predchádzajúcemu názvu: Protialkoholický obzor
|
| 500 |
|
|
|a Šéfredaktor: 1995-2004, Eduard Kolibáš ; 2005-2012, Vladimír Novotný ; ved. red.: 2013-1/2018, Michal Turček ; 2/2018-, Michal Patarák
|
| 500 |
|
|
|a Podnázov r. 1995-2/2005: odborný časopis Ministerstva zdravotníctva Slovenskej republiky
|
| 500 |
|
|
|a Indexované v Bibliographia medica Slovaca a v Bibliographia medica Czechoslovaca
|
| 500 |
|
|
|a Evidenčné číslo: EV 171/08
|
| 504 |
|
|
|a Bibliogr.
|
| 515 |
|
|
|a Niektoré čísla vychádzajú ako dvojčíslo
|
| 546 |
|
|
|a Text čiast. v češ. ; res. slov. a angl.
|
| 650 |
0 |
7 |
|a alkoholizmus
|2 SNKPH
|9 14184
|
| 650 |
0 |
7 |
|a drogová závislosť
|2 SNKPH
|9 1551
|
| 650 |
0 |
7 |
|a Alcoholism
|2 SNKPHeng
|9 268311
|
| 650 |
0 |
7 |
|a Drug dependence
|2 SNKPHeng
|9 266453
|
| 655 |
|
7 |
|a odborné časopisy
|2 SNKPH
|9 70505
|
| 655 |
|
7 |
|a Professional journals
|2 SNKPHeng
|9 265007
|
| 700 |
1 |
|
|a Kolibáš, Eduard,
|d 1938-
|4 pbd
|9 13608
|
| 700 |
1 |
|
|a Novotný, Vladimír,
|d 1946-2012
|4 pbd
|9 201645
|
| 700 |
1 |
|
|a Turček, Michal,
|d 1921-1970
|4 pbd
|9 193496
|
| 700 |
1 |
|
|a Patarák, Michal,
|d 1981-
|4 pbd
|9 161553
|
| 710 |
1 |
|
|a Slovensko.
|b Ministerstvo zdravotníctva
|4 pbl
|9 120432
|
| 780 |
0 |
0 |
|t Protialkoholický obzor
|x 0862-0350
|w vtls008883115
|
| 852 |
|
|
|a Štátna vedecká knižnica v Banskej Bystrici
|
| 910 |
|
|
|a snk
|
| 910 |
|
|
|a savuk
|
| 910 |
|
|
|a svkbb
|
| 916 |
|
|
|a 1995-2014,2015-2018, 2019, 2020, 2021
|
| 999 |
|
|
|c 4859
|d 6789
|
| 952 |
|
|
|0 0
|1 0
|4 0
|7 0
|a SNK
|b SNK
|d 2003-09-10
|f 1
|i snkČSP 1602/2003
|l 0
|o snkČSB 1614/34/1999
|p 17A0397373
|r 2005-01-02 00:00:00
|t č.1-5
|w 2026-02-21
|y PREZ
|z č. 1-5
|
| 952 |
|
|
|0 0
|1 0
|4 0
|7 0
|8 0
|a SNK
|b SNK
|d 2022-01-25
|i snk2022/1238
|l 0
|o snkČSB 1614/54/2019 D1
|p 17A1461934
|r 2026-02-21 19:53:06
|t č. 1-4 + obsah
|w 2026-02-21
|y PREZ
|z V č. 1 ako príloha obsah za celý rok 2019
|
| 952 |
|
|
|0 0
|1 0
|4 0
|7 0
|8 0
|a SNK
|b SNK
|d 2021-06-15
|f 1
|i snk2021/6963
|l 0
|o snkČSB 1614/55/2020
|p 17A1433934
|r 2026-02-21 19:59:08
|t č. 1-4
|w 2026-02-21
|y PREZ
|
| 952 |
|
|
|0 0
|1 0
|4 0
|7 0
|8 0
|a SNK
|b SNK
|d 2022-08-23
|i snk2022/12955
|l 0
|o snkČSB 1614/55/2020 D1
|p 17A1463772
|r 2026-02-21 20:04:01
|t č. 1-4
|w 2026-02-21
|y PREZ
|
| 952 |
|
|
|0 0
|1 0
|4 0
|7 0
|8 0
|a SNK
|b SNK
|d 2022-09-06
|f 1
|i snk2022/13335
|l 0
|o snkČSB 1614/56/2021
|p 17A1463927
|r 2026-02-21 20:12:03
|t č. 1-4
|w 2026-02-21
|y PREZ
|
| 952 |
|
|
|0 0
|1 0
|4 0
|7 0
|8 0
|a SNK
|b SNK
|d 2017-05-05
|f 1
|i snk2017/10280
|l 0
|o snkČSB 1614/51/2016
|p 17A1206442
|r 2026-02-21 20:19:21
|t č. 1-4 + 1 príl.
|w 2026-02-21
|y PREZ
|z Príl.: Alkoholizmus a drogové závislost, obsah ročníka 2015 v č. 1
|
| 952 |
|
|
|0 0
|1 0
|4 0
|7 0
|8 0
|a SNK
|b SNK
|d 2014-11-12
|i snk2014/24911
|l 0
|o snkČSB 1614/47/2012 D1
|p 17A0870530
|r 2026-02-21 20:32:46
|t č. 1-5
|w 2026-02-21
|y PREZ
|
| 952 |
|
|
|0 0
|1 0
|4 0
|7 0
|8 0
|a SNK
|b SNK
|d 2005-03-31
|i snk2005/4987
|l 0
|o snkČSB 1614/36/2001 D1
|p 17A0431856
|r 2026-02-21 20:48:47
|t č. 1-5
|w 2026-02-21
|y PREZ
|
| 952 |
|
|
|0 0
|1 0
|4 0
|7 0
|8 0
|a SNK
|b SNK
|d 2005-03-31
|f 1
|i snk2005/4986
|l 0
|o snkČSB 1614/37/2002
|p 17A0431857
|r 2026-02-21 20:48:47
|t č.1-5
|w 2026-02-21
|y PREZ
|
| 952 |
|
|
|0 0
|1 0
|4 0
|7 0
|a SNK
|b SNK
|d 2004-04-01
|i snkČSP 1605/2003
|l 0
|o snkČSB 1614/35/2000 D1
|p 17A0425061
|r 2005-01-02 00:00:00
|w 2026-02-21
|y PREZ
|
| 952 |
|
|
|0 0
|1 0
|4 0
|7 0
|a SNK
|b SNK
|d 2004-10-18
|f 1
|i snkČSP 1604/2003
|l 0
|o snkČSB 1614/35/2000
|p 17A0445010
|r 2005-01-02 00:00:00
|t č.1-5
|w 2026-02-21
|y PREZ
|
| 952 |
|
|
|0 0
|1 0
|4 0
|7 0
|8 0
|a SNK
|b SNK
|d 2013-08-16
|f 1
|i snk2013/19096
|l 0
|o snkČSB 1614/41/2006
|p 17A0697932
|r 2026-02-21 21:13:55
|t č.1-5
|w 2026-02-21
|y PREZ
|
| 952 |
|
|
|0 0
|1 0
|4 0
|7 0
|8 0
|a SNK
|b SNK
|d 2013-08-16
|i snk2013/19113
|l 0
|o snkČSB 1614/41/2006 D1
|p 17A0697933
|r 2026-02-21 21:14:01
|t č. 1-5
|w 2026-02-21
|y PREZ
|
| 952 |
|
|
|0 0
|1 0
|4 0
|7 0
|8 0
|a SNK
|b SNK
|d 2013-08-16
|f 1
|i snk2013/19115
|l 0
|o snkČSB 1614/42/2007
|p 17A0697934
|r 2026-02-21 21:14:01
|t č.1-5
|w 2026-02-21
|y PREZ
|
| 952 |
|
|
|0 0
|1 0
|4 0
|7 0
|8 0
|a SNK
|b SNK
|d 2013-08-16
|i snk2013/19116
|l 0
|o snkČSB 1614/42/2007 D1
|p 17A0697935
|r 2026-02-21 21:14:01
|t č. 1-5
|w 2026-02-21
|y PREZ
|
| 952 |
|
|
|0 0
|1 0
|4 0
|7 0
|8 0
|a SNK
|b SNK
|d 2013-08-16
|f 1
|i snk2013/19119
|l 0
|o snkČSB 1614/43/2008
|p 17A0697936
|r 2026-02-21 21:14:01
|t č.1-5
|w 2026-02-21
|y PREZ
|
| 952 |
|
|
|0 0
|1 0
|4 0
|7 0
|8 0
|a SNK
|b SNK
|d 2013-08-16
|i snk2013/19120
|l 0
|o snkČSB 1614/43/2008 D1
|p 17A0697937
|r 2026-02-21 21:14:01
|t č. 1-5
|w 2026-02-21
|y PREZ
|
| 952 |
|
|
|0 0
|1 0
|4 0
|7 0
|8 0
|a SNK
|b SNK
|d 2013-08-16
|f 1
|i snk2013/19122
|l 0
|o snkČSB 1614/44/2009
|p 17A0697938
|r 2026-02-21 21:14:01
|t č.1-5
|w 2026-02-21
|y PREZ
|
| 952 |
|
|
|0 0
|1 0
|4 0
|7 0
|8 0
|a SNK
|b SNK
|d 2013-08-16
|i snk2013/19124
|l 0
|o snkČSB 1614/44/2009 D1
|p 17A0697939
|r 2026-02-21 21:14:01
|t č. 1-5
|w 2026-02-21
|y PREZ
|
| 952 |
|
|
|0 0
|1 0
|4 0
|7 0
|8 0
|a SNK
|b SNK
|d 2013-08-16
|f 1
|i snk2013/19125
|l 0
|o snkČSB 1614/45/2010
|p 17A0697940
|r 2026-02-21 21:14:02
|t č.1-5, neúpl.
|w 2026-02-21
|y PREZ
|z chýba č. 3
|
| 952 |
|
|
|0 0
|1 0
|4 0
|7 0
|8 0
|a SNK
|b SNK
|d 2013-08-16
|i snk2013/19126
|l 0
|o snkČSB 1614/45/2010 D1
|p 17A0697941
|r 2026-02-21 21:14:02
|t č. 1-5, neúpl.
|w 2026-02-21
|y PREZ
|z chýba č. 3
|
| 952 |
|
|
|0 0
|1 0
|4 0
|7 0
|8 0
|a SNK
|b SNK
|d 2013-08-16
|f 1
|i snk2013/19129
|l 0
|o snkČSB 1614/46/2011
|p 17A0697942
|r 2026-02-21 21:14:02
|t č.1-5
|w 2026-02-21
|y PREZ
|
| 952 |
|
|
|0 0
|1 0
|4 0
|7 0
|8 0
|a SNK
|b SNK
|d 2013-08-16
|i snk2013/19132
|l 0
|o snkČSB 1614/46/2011 D1
|p 17A0697943
|r 2026-02-21 21:14:02
|t č. 1-5
|w 2026-02-21
|y PREZ
|
| 952 |
|
|
|0 0
|1 0
|4 0
|7 0
|8 0
|a SNK
|b SNK
|d 2013-08-16
|f 1
|i snk2013/19133
|l 0
|o snkČSB 1614/47/2012
|p 17A0697944
|r 2026-02-21 21:14:02
|t č. 1-5
|w 2026-02-21
|y PREZ
|
| 952 |
|
|
|0 0
|1 0
|4 0
|7 0
|8 0
|a SNK
|b SNK
|d 2005-03-31
|f 1
|i snk2005/4985
|l 0
|o snkČSB 1614/36/2001
|p 17A0431855
|r 2026-02-21 21:20:54
|t č.1-5
|w 2026-02-21
|y PREZ
|
| 952 |
|
|
|0 0
|1 0
|4 0
|7 0
|8 0
|a SNK
|b SNK
|d 2008-06-16
|f 1
|i snk2008/12721
|l 0
|o snkČSB 1614/38/2003
|p 17A0582110
|r 2026-02-21 21:22:57
|t č.1-5 + obsah v č. 1
|w 2026-02-21
|y PREZ
|
| 952 |
|
|
|0 0
|1 0
|4 0
|7 0
|8 0
|a SNK
|b SNK
|d 2008-06-16
|i snk2008/12724
|l 0
|o snkČSB 1614/38/2003 D1
|p 17A0582109
|r 2026-02-21 21:22:57
|t č. 1-5 + obsah v č. 1
|w 2026-02-21
|y PREZ
|
| 952 |
|
|
|0 0
|1 0
|4 0
|7 0
|8 0
|a SNK
|b SNK
|d 2008-06-16
|f 1
|i snk2008/12725
|l 0
|o snkČSB 1614/39/2004
|p 17A0582111
|r 2026-02-21 21:22:58
|t č.1-5
|w 2026-02-21
|y PREZ
|
| 952 |
|
|
|0 0
|1 0
|4 0
|7 0
|8 0
|a SNK
|b SNK
|d 2008-06-16
|i snk2008/12726
|l 0
|o snkČSB 1614/39/2004 D1
|p 17A0582112
|r 2026-02-21 21:22:58
|t č. 1-5
|w 2026-02-21
|y PREZ
|
| 952 |
|
|
|0 0
|1 0
|4 0
|7 0
|8 0
|a SNK
|b SNK
|d 2008-06-16
|f 1
|i snk2008/12728
|l 0
|o snkČSB 1614/40/2005
|p 17A0582113
|r 2026-02-21 21:22:58
|t č.1-5 + obsah v č. 1
|w 2026-02-21
|y PREZ
|
| 952 |
|
|
|0 0
|1 0
|4 0
|7 0
|8 0
|a SNK
|b SNK
|d 2008-06-16
|i snk2008/12730
|l 0
|o snkČSB 1614/40/2005 D1
|p 17A0582114
|r 2026-02-21 21:22:58
|t č. 1-5
|w 2026-02-21
|y PREZ
|
| 952 |
|
|
|0 0
|1 0
|4 0
|7 0
|8 0
|a SNK
|b SNK
|d 2023-06-28
|i snk2023/10203
|l 0
|o snkČSB 1614/56/2021 D1
|p 17A1520617
|r 2026-02-21 21:29:11
|t č. 1-4
|w 2026-02-21
|y PREZ
|
| 952 |
|
|
|0 0
|1 0
|4 0
|7 0
|8 0
|a SNK
|b SNK
|d 2015-05-13
|f 1
|i snk2015/15429
|l 0
|o snkČSB 1614/48/2013
|p 17A1143715
|r 2026-02-21 21:34:05
|t č. 1-5
|w 2026-02-21
|y PREZ
|
| 952 |
|
|
|0 0
|1 0
|4 0
|7 0
|8 0
|a SNK
|b SNK
|d 2015-05-13
|i snk2015/15432
|l 0
|o snkČSB 1614/48/2013 D1
|p 17A1143716
|r 2026-02-21 21:34:05
|t č. 1-5
|w 2026-02-21
|y PREZ
|
| 952 |
|
|
|0 0
|1 0
|4 0
|7 0
|8 0
|a SNK
|b SNK
|d 2015-05-13
|f 1
|i snk2015/15434
|l 0
|o snkČSB 1614/49/2014
|p 17A1143717
|r 2026-02-21 21:34:05
|t č. 1-5
|w 2026-02-21
|y PREZ
|
| 952 |
|
|
|0 0
|1 0
|4 0
|7 0
|a SNK
|b SNK
|d 1999-08-20
|l 0
|o snkČSB 1614/30/1995 D1
|p 17A0206517
|r 2005-01-02 00:00:00
|w 2026-02-21
|y PREZ
|
| 952 |
|
|
|0 0
|1 0
|4 0
|7 0
|a SNK
|b SNK
|d 2000-01-04
|f 1
|i snkČSP 354/1999
|l 0
|o snkČSB 1614/30/1995
|p 17A0223189
|r 2005-01-02 00:00:00
|t č.1-4
|w 2026-02-21
|y PREZ
|
| 952 |
|
|
|0 0
|1 0
|4 0
|7 0
|a SNK
|b SNK
|d 1999-08-20
|l 0
|o snkČSB 1614/31/1996 D1
|p 17A0206400
|r 2005-01-02 00:00:00
|w 2026-02-21
|y PREZ
|
| 952 |
|
|
|0 0
|1 0
|4 0
|7 0
|a SNK
|b SNK
|d 2000-01-04
|f 1
|i snkČSP 355/1999
|l 0
|o snkČSB 1614/31/1996
|p 17A0223184
|r 2005-01-02 00:00:00
|t č.1-5
|w 2026-02-21
|y PREZ
|
| 952 |
|
|
|0 0
|1 0
|4 0
|7 0
|8 1
|a SNK
|b SNK
|d 1999-08-20
|i snkČSP 349/1999
|l 0
|o snkČSB 1614/32/1997 D1
|p 17A0206399
|r 2005-01-02 00:00:00
|t č. 1-5
|w 2026-02-21
|y PREZ
|
| 952 |
|
|
|0 0
|1 0
|4 0
|7 0
|a SNK
|b SNK
|d 2000-01-03
|f 1
|l 0
|o snkČSB 1614/32/1997
|p 17A0223149
|r 2005-01-02 00:00:00
|t č. 1-5
|w 2026-02-21
|y PREZ
|
| 952 |
|
|
|0 0
|1 0
|4 0
|7 0
|a SNK
|b SNK
|d 2002-08-26
|l 0
|o snkČSB 1614/33/1998 D1
|p 17A0350660
|r 2005-01-02 00:00:00
|w 2026-02-21
|y PREZ
|
| 952 |
|
|
|0 0
|1 0
|4 0
|7 0
|a SNK
|b SNK
|d 2002-11-18
|f 1
|i snkČSP 1205/2001
|l 0
|o snkČSB 1614/33/1998
|p 17A0364595
|r 2005-01-02 00:00:00
|t č.1-5
|w 2026-02-21
|y PREZ
|
| 952 |
|
|
|0 0
|1 0
|4 0
|7 0
|a SNK
|b SNK
|d 2004-09-30
|i snkČSP 1603/2003
|l 0
|o snkČSB 1614/34/1999 D1
|p 17A0445558
|r 2005-01-02 00:00:00
|w 2026-02-21
|y PREZ
|
| 952 |
|
|
|0 0
|1 0
|4 0
|7 0
|8 0
|a SNK
|b SNK
|d 2005-03-31
|i snk2005/4988
|l 0
|o snkČSB 1614/37/2002 D1
|p 17A0431858
|r 2026-02-21 21:42:17
|t č. 1-5
|w 2026-02-21
|y PREZ
|
| 952 |
|
|
|0 0
|1 0
|4 0
|7 0
|8 0
|a SNK
|b SNK
|d 2016-07-21
|i snk2016/17507
|l 0
|o snkČSB 1614/49/2014 D1
|p 17A1100447
|r 2026-02-21 21:54:24
|t č. 1-5, neúplné
|w 2026-02-21
|y PREZ
|
| 952 |
|
|
|0 0
|1 0
|4 0
|7 0
|8 0
|a SNK
|b SNK
|d 2016-07-21
|f 1
|i snk2016/17512
|l 0
|o snkČSB 1614/50/2015
|p 17A1100446
|r 2026-02-21 21:54:24
|t č. 1-5
|w 2026-02-21
|y PREZ
|
| 952 |
|
|
|0 0
|1 0
|4 0
|7 0
|8 0
|a SNK
|b SNK
|d 2019-10-09
|i snk2019/25389
|l 0
|o snkČSB 1614/51/2016 D1
|p 17A1383678
|r 2026-02-21 22:00:03
|t č. 1-4 + 1 príl.
|w 2026-02-21
|y PREZ
|z Príl.: Alkoholizmus a drogové závislost, obsah ročníka 2015 v č. 1
|
| 952 |
|
|
|0 0
|1 0
|4 0
|7 0
|8 0
|a SNK
|b SNK
|d 2019-10-09
|f 1
|i snk2019/25394
|l 0
|o snkČSB 1614/52/2017
|p 17A1383679
|r 2026-02-21 22:00:03
|t č. 1-4 + 1 príl.
|w 2026-02-21
|y PREZ
|z Príl.: Alkoholizmus a drogové závislost, obsah ročníka 2016 v č. 1
|
| 952 |
|
|
|0 0
|1 0
|4 0
|7 0
|8 0
|a SNK
|b SNK
|d 2019-10-09
|f 1
|i snk2019/25398
|l 0
|o snkČSB 1614/53/2018
|p 17A1383680
|r 2026-02-21 22:00:03
|t č. 1-4 + 1 príl.
|w 2026-02-21
|y PREZ
|z Príl.: Alkoholizmus a drogové závislost, obsah ročníka 2017 v č. 1
|
| 952 |
|
|
|0 0
|1 0
|4 0
|7 0
|8 0
|a SNK
|b SNK
|d 2020-07-16
|f 1
|i snk2020/12758
|l 0
|o snkČSB 1614/54/2019
|p 17A1430513
|r 2026-02-21 22:02:06
|t č. 1-4 + obsah
|w 2026-02-21
|y PREZ
|z V č. 1 ako príloha obsah za celý rok 2019
|
| 952 |
|
|
|0 0
|1 0
|4 0
|7 0
|8 0
|a SNK
|b SNK
|d 2020-05-19
|i snk2020/8015
|l 0
|o snkČSB 1614/53/2018 D1
|p 17A1388014
|r 2026-02-21 22:04:10
|t č. 1-4 + 1 príl.
|w 2026-02-21
|y PREZ
|z Príl.: Alkoholizmus a drogové závislost, obsah ročníka 2017 v č. 1
|
| 952 |
|
|
|0 0
|1 0
|4 0
|7 0
|8 0
|a SNK
|b SNK
|d 2020-01-31
|i snk2020/2246
|l 0
|o snkČSB 1614/52/2017 D1
|p 17A1386278
|r 2026-02-21 22:05:36
|t č. 1-4 + 1 príl.
|w 2026-02-21
|y PREZ
|z Príl.: Alkoholizmus a drogové závislost, obsah ročníka 2016 v č. 1
|
| 952 |
|
|
|0 0
|1 0
|4 0
|7 0
|8 0
|a SNK
|b SNK
|d 2017-05-05
|i snk2017/10277
|l 0
|o snkČSB 1614/50/2015 D1
|p 17A1206441
|r 2026-02-21 22:11:24
|t č. 1-5 + 1 príl.
|w 2026-02-21
|y PREZ
|z Príl.: Alkoholizmus a drogové závislosti, obsah ročníka 2014 v č. 1
|